Người đàn bà thứ bảy [Tiểu thuyết trinh thám ly kỳ rùng rợn]

Na minha lista:
Detalhes bibliográficos
Autor principal: Molay, Frédérique
Formato: Livro
Idioma:Undetermined
Publicado em: Đà Nẵng Nhà xuất bản Đà Nẵng 2006
Assuntos:
Tags: Adicionar Tag
Sem tags, seja o primeiro a adicionar uma tag!
Thư viện lưu trữ: Trung tâm Học liệu Trường Đại học Cần Thơ
LEADER 00653nam a2200205Ia 4500
001 CTU_128271
008 210402s9999 xx 000 0 und d
020 |c 60000 
082 |a 843 
082 |b M717 
100 |a Molay, Frédérique 
245 0 |a Người đàn bà thứ bảy [Tiểu thuyết trinh thám ly kỳ rùng rợn] 
245 0 |c Frédérique Molay 
260 |a Đà Nẵng 
260 |b Nhà xuất bản Đà Nẵng 
260 |c 2006 
650 |a French fiction,Tiểu thuyết Pháp 
650 |y 21th century 
904 |i Tuyến 
980 |a Trung tâm Học liệu Trường Đại học Cần Thơ